000 00328nam a2200121Ia 4500
008 240731s9999 xx 000 0 und d
022 _a1440-1614
245 0 _aAustralian and New Zealand Journal of Psychiatry
260 _bTaylor & Francis
856 _uhttps://www.tandfonline.com/loi/ianp20
942 _2ddc
942 _cTFEJ
999 _c75568
_d75568
945 _a1
_bMadushi Gamage
_c1
_dMadushi Gamage